| 000 | 01044nam a2200265 a 4500 | ||
|---|---|---|---|
| 001 | 70648 | ||
| 003 | BD-RjUL | ||
| 005 | 20211209082026.0 | ||
| 008 | 170418s1988 bg a|||| |||| 001 0 ben d | ||
| 020 | _c: Tk. 50.00 | ||
| 035 | _a(BD-RjUL)70862 | ||
| 040 |
_aBD-RjUL _beng _cBD-RjUL _dBD-RjUL |
||
| 041 | _aeng | ||
| 082 |
_223 _a620.82 _bKHK 1988 |
||
| 100 | 1 |
_aখালেক, আবদুল _9209109 |
|
| 245 | 1 | 0 |
_aকর্মবিজ্ঞান / _cআবদুল খালেক, আজিজুর রহমান ও মাহবুবুর রহমান |
| 260 |
_aঢাকা : _bবাংলা একাডেমী _c১৯৮৮ [১৩৯৪] |
||
| 300 |
_a১৬০ পৃ. : _bচিত্র. ; _c২৬ সেমি. |
||
| 500 | _aনির্ঘন্ট সংযুক্ত | ||
| 650 |
_aকর্মদক্ষতা _9209110 |
||
| 650 |
_aErgonomics _9209111 |
||
| 700 |
_aরহমান , আজিজুর _9167111 |
||
| 700 |
_aরহমান, মাহবুবুর _9209112 |
||
| 942 |
_2ddc _cBK |
||
| 999 |
_c70648 _d70648 |
||